Propuesta de tratamiento de las aguas residuales de la Industria Callejas Sequeira e hijos S.A.
Presenta un sistema de tratamiento para los efluentes líquidos industriales provenientes de los procesos productivos de la Industria Callejas Sequeira e hijos S. A. Describe las características fisicoquímicas y microbiológicas del efluente final de la industria. Partiendo de la caracterización...
| Main Authors: | , |
|---|---|
| Other Authors: | |
| Format: | Tesis Section = Libro |
| Language: | Undetermined Spanish |
| Published: |
Managua
UNI
2003
|
| Subjects: |
| LEADER | 01373nam a2200265Ia 4500 | ||
|---|---|---|---|
| 008 | 240830s9999 xx 000 0 und d | ||
| 040 | |a BIBLIOTECA-RUSB/ Mon 628.3 A668 | ||
| 041 | |a spa | ||
| 082 | |a Mon 628.3 A668 | ||
| 100 | 1 | |a Arce Valle, Armando Salvador | |
| 100 | 1 | |b López Villegas, Gerardo | |
| 245 | 1 | 0 | |a Propuesta de tratamiento de las aguas residuales de la Industria Callejas Sequeira e hijos S.A. |
| 260 | |a Managua |b UNI |c 2003 | ||
| 300 | |a 123 p. :il. | ||
| 500 | |a Contiene: anexos. | ||
| 502 | |a Tesis (Ingeniero Químico) - UNI, 2003. | ||
| 520 | 3 | |a Presenta un sistema de tratamiento para los efluentes líquidos industriales provenientes de los procesos productivos de la Industria Callejas Sequeira e hijos S. A. Describe las características fisicoquímicas y microbiológicas del efluente final de la industria. Partiendo de la caracterización se propone el diseño de un sistema de tratamiento eficiente que minimice la contaminación de suelos y cuerpos receptores al devolver al medio ambiente un efluente que cumpla con las normativas del MARENA. | |
| 650 | 7 | |a TRATAMIENTO Y ELIMINACION DE AGUAS NEGRAS - INDUSTRIA CALLEJAS | |
| 650 | 7 | |b TRATAMIENTO PRIMARIO | |
| 650 | 7 | |c LAGUNAS DE ESTABILIZACION | |
| 650 | 7 | |d BIODEGRADACION | |
| 700 | 1 | |a Tutor: |b García Granados, Indiana | |
| 942 | |c BK |2 ddc | ||
| 991 | |a TESIS | ||
| 999 | |c 20457 | ||